LIBRARY & INFORMATION CENTRE, KCAET, TAVANUR

ONLINE PUBLIC ACCESS CATALOGUE (OPAC)

Food Analysis Laboratory Manual (Record no. 14449)

MARC details
000 -LEADER
fixed length control field 00265nam a22001217a 4500
020 ## - INTERNATIONAL STANDARD BOOK NUMBER
ISBN 9781441914620
082 ## - DEWEY DECIMAL CLASSIFICATION NUMBER
Classification number 664.07
Item number NIE/FO
245 ## - TITLE STATEMENT
Title Food Analysis Laboratory Manual
250 ## - EDITION STATEMENT
Edition statement 2 ND
260 ## - PUBLICATION, DISTRIBUTION, ETC. (IMPRINT)
Place of publication New York
Name of publisher Springer
Year of publication 2010
300 ## - PHYSICAL DESCRIPTION
Number of Pages 177
942 ## - ADDED ENTRY ELEMENTS (KOHA)
Koha item type Books
Holdings
Withdrawn status Lost status Damaged status Collection code Home library Current library Shelving location Date acquired Source of acquisition Cost, normal purchase price Full call number Accession Number Koha item type
        KAUAET KAUAET General Stacks 02/07/2016 Universal Research Books, Thrissur 4936.20 664.07 NIE/FO 23947 Books
free website counter